| 000 | 01178caa0 22003011ic4500 | ||
|---|---|---|---|
| 001 | BY-MI0021-br741417 | ||
| 005 | 20221121195650.0 | ||
| 035 | ^a(BY-MI0021)BY-MI0021-br741417 | ||
| 100 | ^a20210127d2011 y0rusy50 ca | ||
| 101 | ^arus | ||
| 200 | 1 |
^aЗакончилась школьная сказка ^bТекст ^eсценарий выпускного бала ^fМ.Ананьина |
|
| 463 | 0 |
^12001 ^aЧем развлечь гостей ^v2011. - №3. - C.47-52 |
|
| 610 | 0 | ^aСЦЕНАРИИ | |
| 610 | 0 | ^aСЦЕНАРИЙ ВЫПУСКНОГО БАЛА | |
| 610 | 0 | ^aВЫПУСКНОЙ БАЛ | |
| 610 | 0 | ^aВЫПУСКНОЙ ВЕЧЕР | |
| 610 | 0 | ^aСЦЭНАРЫI | |
| 610 | 0 | ^aСЦЭНАРЫЙ ВЫПУСКНОГА БАЛЮ | |
| 610 | 0 | ^aВЫПУСКНЫ БАЛЬ | |
| 610 | 0 | ^aВЫПУСКНЫ ВЕЧАР | |
| 615 |
^3BY-SEK-ar1826174 ^aБелорусский национальный документ |
||
| 686 |
^a85.34 ^v2 ^2rubbk |
||
| 690 |
^a3 ^2Base ^9BY-MI0021 ^xRSEK |
||
| 700 | 1 |
^aАнаньина ^bМ. |
|
| 801 | 0 |
^aBY ^bBY-MI0021 ^c20210127 ^gpsbo |
|
| 801 | 2 |
^aBY ^bBY-MI0021 ^c20221114 ^gpsbo |
|